Технология нефтехимического синтеза. Мономеры: учебное пособие

Detalhes bibliográficos
Autor Corporativo: Омский государственный технический университет (ОмГТУ)
Outros Autores: Мозговой И. В., Нелин А. Г., Давидан Г. М., Скутин Е. Д.
Resumo:Кратко изложены основы технологии нефтехимического производства и химии углеводородов, история создания и общие сведения о современном нефтехимическом комплексе на базе Омского НХК. Дана подробная информация о реальных нефтехимических процессах. Предназначено для студентов, изучающих теорию и занимающихся практикой создания и управления технологическими процессами в области органического синтеза и нефтехимии.
Idioma:russo
Publicado em: Омск, Изд-во ОмГТУ, 2008
Assuntos:
Formato: Livro
KOHA link:https://koha.lib.tpu.ru/cgi-bin/koha/opac-detail.pl?biblionumber=164331

MARC

LEADER 00000nam0a2200000 4500
001 164331
005 20231101222451.0
010 |a 9785814905253 
035 |a (RuTPU)RU\TPU\book\178284 
090 |a 164331 
100 |a 20090904d2008 m y0rusy50 ca 
101 0 |a rus 
102 |a RU 
105 |a a j 001zy 
200 1 |a Технология нефтехимического синтеза. Мономеры  |e учебное пособие  |f И. В. Мозговой [и др.]  |g Омский государственный технический университет (ОмГТУ) 
210 |a Омск  |c Изд-во ОмГТУ  |d 2008 
215 |a 279 с.  |c ил. 
320 |a Библиогр.: с. 274-276. 
330 |a Кратко изложены основы технологии нефтехимического производства и химии углеводородов, история создания и общие сведения о современном нефтехимическом комплексе на базе Омского НХК. Дана подробная информация о реальных нефтехимических процессах. Предназначено для студентов, изучающих теорию и занимающихся практикой создания и управления технологическими процессами в области органического синтеза и нефтехимии. 
606 1 |a Нефтехимический синтез  |x Термодинамические расчеты  |2 stltpush  |3 (RuTPU)RU\TPU\subj\34176  |9 56196 
610 1 |a нефтехимия 
610 1 |a синтез 
610 1 |a технология 
610 1 |a химическое производство 
610 1 |a углеводороды 
610 1 |a химия 
610 1 |a мономеры 
610 1 |a окисление 
610 1 |a низшие олефины 
610 1 |a изобутилен 
610 1 |a учебные пособия 
675 |a 665.652.7(075.8)  |v 3 
701 1 |a Мозговой  |b И. В. 
701 1 |a Нелин  |b А. Г. 
701 1 |a Давидан  |b Г. М. 
701 1 |a Скутин  |b Е. Д. 
712 0 2 |a Омский государственный технический университет (ОмГТУ)  |2 stltpush  |3 (RuTPU)RU\TPU\col\394 
801 1 |a RU  |b 63413507  |c 20090904 
801 2 |a RU  |b 63413507  |c 20141217  |g RCR 
900 |a Химия и технология основного органического и нефтехимического синтеза 
900 |a Химия и технология сырья и мономеров 
942 |c BK